|
|
|
|
| LEADER |
00000cam a22000004a 4500 |
| 001 |
musev2_110883 |
| 003 |
MdBmJHUP |
| 005 |
20230905054514.0 |
| 006 |
m o d |
| 007 |
cr||||||||nn|n |
| 008 |
150225s2015 nyu o 00 0 eng d |
| 020 |
|
|
|a 9781438456447
|
| 020 |
|
|
|z 9781438456430
|
| 020 |
|
|
|z 9781438456423
|
| 035 |
|
|
|a (OCoLC)1058427118
|
| 040 |
|
|
|a MdBmJHUP
|c MdBmJHUP
|
| 100 |
1 |
|
|a Scarce, Rik,
|d 1958-
|
| 245 |
1 |
0 |
|a Creating Sustainable Communities :
|b Lessons from the Hudson River Region /
|c Rik Scarce.
|
| 264 |
|
1 |
|a Albany :
|b State University of New York Press, Albany,
|c [2015]
|
| 264 |
|
3 |
|a Baltimore, Md. :
|b Project MUSE,
|c 2023
|
| 264 |
|
4 |
|c ©[2015]
|
| 300 |
|
|
|a 1 online resource (272 pages).
|
| 336 |
|
|
|a text
|b txt
|2 rdacontent
|
| 337 |
|
|
|a computer
|b c
|2 rdamedia
|
| 338 |
|
|
|a online resource
|b cr
|2 rdacarrier
|
| 490 |
0 |
|
|a Excelsior Editions
|
| 505 |
0 |
|
|a How we lost sustainability -- A place under seige -- A constant bounty -- Two hundred subdivisions too late? -- Remaking communities -- How it all adds up -- A complete disruption -- A landscape to fight for.
|
| 506 |
0 |
|
|a Open Access
|f Unrestricted online access
|2 star
|
| 588 |
|
|
|a Description based on print version record.
|
| 651 |
|
7 |
|a United States
|z Hudson River Valley.
|2 fast
|0 (OCoLC)fst01311280
|
| 651 |
|
6 |
|a Hudson, Vallee de l' (N.Y. et N.J.)
|x Conditions environnementales.
|
| 651 |
|
0 |
|a Hudson River Valley (N.Y. and N.J.)
|x Environmental conditions.
|
| 650 |
|
7 |
|a Sustainable development.
|2 fast
|0 (OCoLC)fst01139731
|
| 650 |
|
7 |
|a Environmental policy.
|2 fast
|0 (OCoLC)fst00913250
|
| 650 |
|
7 |
|a Ecology.
|2 fast
|0 (OCoLC)fst00901476
|
| 650 |
|
7 |
|a Community development.
|2 fast
|0 (OCoLC)fst00870818
|
| 650 |
|
7 |
|a BUSINESS & ECONOMICS
|x Industries
|x General.
|2 bisacsh
|
| 650 |
|
6 |
|a Developpement durable
|z Hudson, Vallee de l' (N.Y. et N.J.)
|
| 650 |
|
6 |
|a Environnement
|x Politique gouvernementale
|z Hudson, Vallee de l' (N.Y. et N.J.)
|
| 650 |
|
0 |
|a Sustainable development
|z Hudson River Valley (N.Y. and N.J.)
|
| 650 |
|
0 |
|a Community development
|z Hudson River Valley (N.Y. and N.J.)
|
| 650 |
|
0 |
|a Environmental policy
|z Hudson River Valley (N.Y. and N.J.)
|
| 655 |
|
7 |
|a Electronic books.
|2 local
|
| 710 |
2 |
|
|a Project Muse.
|e distributor
|
| 830 |
|
0 |
|a Book collections on Project MUSE.
|
| 856 |
4 |
0 |
|z Texto completo
|u https://projectmuse.uam.elogim.com/book/110883/
|